| 000 | 00546nam a22001697a 4500 | ||
|---|---|---|---|
| 999 |
_c60586 _d60586 |
||
| 005 | 20230913111057.0 | ||
| 008 | 230913s1982 enk||||| |||| 00| 0 eng d | ||
| 020 | _a0500021023 | ||
| 041 | _aeng | ||
| 080 | _a902 K-21 | ||
| 100 |
_aKarageorghis, Vassos _919708 |
||
| 245 |
_aCyprus: _bFrom the Stone Age to the Romans / _c Vassos Karageorghis. |
||
| 264 |
_aLondon, _c1982. |
||
| 300 |
_a207 p.: _bill.; _c26 cm. |
||
| 653 | _aკვიპროსი: ქვის ხანიდან რომაელებამდე | ||
| 942 |
_2udc _cBK |
||